LEADER 00640naa a2200157 i 4500 001 000000294362 003 CaOOAMICUS 005 20180831172504.0 008 180831n xx u000 u ger u 013 $a1641 040 $aSeMil$bita 100 1 $aBiemer, Günter.$0(OLS)http://semarc/name/21467 245 10$aGottessohnschaft Jesu angesichts des christlich-jüdischen Dialogs. 650 4$aCristianesimo e ebraismo.$0(OLS)http://semarc/subject/44782 650 4$aGesù Cristo - Relazione [con il] Padre.$0(OLS)http://semarc/subject/27067 996 $6245$aGottessohnschaft Jesu angesichts des christlich-jüdischen Dialogs$9(OLS)http://semarc/title/370448 LEADER 01403nam a2200301 4500 001 000000349218 003 CaOOAMICUS 005 20250911100437.0 008 220124s2021 it 000 u ita r 020 $a978-88-922265-2-4 040 $aSeMil$bita 110 2 $aCaritas Italiana.$0(OLS)http://semarc/name/3686 245 10$aFalsi equilibri :$brapporto su diseguaglianze e conflitti dimenticati /$cCaritas Italiana ; a cura di Paolo Beccegato e Walter Nanni. 264 1$aCinisello Balsamo :$bSan Paolo,$c2021. 300 $a301 p. ;$c21 cm 500 $aIn cop.: Caritas italiana in collaborazione con Avvenire, Famiglia Cristiana e Ministero dell'Istruzione 650 4$aGuerre - Sec. 20.-21.$0(OLS)http://semarc/subject/58482 650 4$aPace.$0(OLS)http://semarc/subject/5526 700 1 $aBeccegato, Paolo.$0(OLS)http://semarc/name/48944 700 1 $aNanni, Walter.$0(OLS)http://semarc/name/37276 850 $aSeMil 852 $aSeMil$W1$xVenegono$y1$m3N II 799$j231720$B240278$CSeMilBibl$Z2$F240278 $81 941 1 $a7 961 $aOmaggio mons. Mario Delpini 996 $6020$a978-88-922265-2-4$9(OLS)http://semarc/number/295128 996 $6245$aFalsi equilibri :$brapporto su diseguaglianze e conflitti dimenticati$9(OLS)http://semarc/title/438754 996 $6264$aCinisello Balsamo :$bSan Paolo$9(OLS)http://semarc/publisher/30129